[Event "Canadian op U2000"]
[Site "Windsor"]
[Date "2016.07.13"]
[Round "4.29"]
[White "Du, Daniel"]
[Black "Su, Michael"]
[Result "1/2-1/2"]
[WhiteElo "1656"]
[BlackElo "1881"]
[PlyCount "89"]
[EventDate "2016.07.10"]
[EventType "swiss"]
[EventRounds "9"]
[EventCountry "CAN"]
[SourceTitle "EXT 2022"]
[Source "ChessBase"]
[SourceDate "2021.10.06"]
[SourceVersion "1"]
[SourceVersionDate "2021.10.06"]
[SourceQuality "1"]

1. e4 e6 2. d4 d5 3. e5 c5 4. c3 Nc6 5. Nf3 Qb6 6. a3 c4 7. Nbd2 Na5 8. Be2 Bd7 9. 0-0 Ne7 10. Qc2 Nc8 11. Rb1 Qc7 12. b4 cxb3 13. Nxb3 Ba4 14. Nfd2 Nc4 15. Qa2 N8b6 16. Nxc4 Nxc4 17. Nd2 b5 18. Nxc4 bxc4 19. Qb2 Be7 20. Qb7 Qxb7 21. Rxb7 Bd8 22. Rb4 Bc6 23. Bd2 Be7 24. Rb2 0-0 25. Rfb1 a6 26. Rb6 Rfc8 27. Bd1 Bd8 28. R6b2 Bc7 29. a4 Rab8 30. Rxb8 Rxb8 31. Rxb8+ Bxb8 32. Bc1 Bc7 33. Kf1 Ba5 34. Bb2 Bd8 35. Ba3 Ba5 36. Bb2 Be8 37. Ke1 Bd8 38. Ba3 Ba5 39. Kd2 Bd8 40. f4 Ba5 41. Be7 Bd7 42. g4 g6 43. h4 Kg7 44. Bc2 Kh8 45. g5 1/2-1/2